Landlocked Countries - Shape Quiz - Statistics

General Stats
  • This quiz has been taken 122 times
  • The average score is 34 of 45
Answer Stats
Picture Answer % Correct
Nepal
95%
Mali
94%
Switzerland
94%
Afghanistan
91%
Kazakhstan
91%
Laos
91%
Chad
89%
Ethiopia
89%
Zambia
89%
Austria
87%
Mongolia
86%
Azerbaijan
83%
Vatican City
83%
Czech Republic
82%
Malawi
82%
Serbia
82%
Uzbekistan
82%
Kosovo
80%
Moldova
80%
Niger
77%
Slovakia
76%
Hungary
75%
Paraguay
74%
Belarus
73%
Kyrgyzstan
72%
Luxembourg
72%
Tajikistan
72%
Turkmenistan
72%
Burkina Faso
71%
Botswana
70%
Liechtenstein
70%
Bolivia
69%
South Sudan
69%
Zimbabwe
69%
Central African Republic
67%
Armenia
66%
Uganda
66%
Andorra
61%
North Macedonia
57%
San Marino
57%
Bhutan
56%
Burundi
56%
Lesotho
53%
Eswatini
52%
Rwanda
49%
No matching quizzes found
Score Distribution
Percent of People with Each Score
Percentile by Number Answered
Your Score History
You have not taken this quiz